00683cam a22002414a 45000010009000000050017000090080041000260100017000670200015000840400018000990410008001170420008001250800017001330820021001501000007001711010008001782450024001865040041002109060045002519420012002969990017003089520116003251220440220180226034821.0001018s2000 miua b 100 0 eng  a 00110167  a189276914X aDLCcDLCdDLC aeng apcc a631.432 BUN00a631.432 BUN221 a12 aKIM00aPreferential flow : aIncludes bibliographical references. a7bcbccorignewd2eepcnf20gy-gencatlg 2ddccBK c43401d43401 00102udc40708PËKGa002b002cPËKGd2018-02-26l0o631.432 BUNp002-3000024r2018-02-26w2018-02-26yBK